[Event "Deutsche Ländermeisterschaft 2018"]
[Site "Würzburg GER"]
[Date "2018.10.03"]
[Round "2"]
[White "Nothnagel, Marian Can"]
[Black "Muckle, Julius"]
[Result "1/2-1/2"]
[Termination "normal"]
[Board "1.1"]
[BlackTitle "FM"]
[WhiteElo "2341"]
[BlackElo "2348"]
[WhiteClock "00:10:59"]
[BlackClock "00:15:03"]
[WhiteTeam "Hessen"]
[BlackTeam "Rheinland-Pfalz"]
[PlyCount "155"]
[WhiteFideId "12921530"]
[BlackFideId "12942430"]
[EventCountry "GER"]
[EventRounds "7"]
[EventType "team-swiss"]
[EventDate "2018.10.02"]

1. e4 {[%clk 1:30:58]} e6 {[%clk 1:30:56]} 2. d4 {[%clk 1:31:05]} d5 {[%clk
1:31:25]} 3. Nc3 {[%clk 1:31:31]} Nf6 {[%clk 1:31:49]} 4. exd5 {[%clk 1:31:58]}
exd5 {[%clk 1:32:07]} 5. Bg5 {[%clk 1:32:25]} Be7 {[%clk 1:31:23]} 6. Qd2
{[%clk 1:32:51]} O-O {[%clk 1:31:06]} 7. O-O-O {[%clk 1:33:17]} c6 {[%clk
1:30:12]} 8. Bd3 {[%clk 1:31:53]} b5 {[%clk 1:26:25]} 9. Nf3 {[%clk 1:23:08]}
Bg4 {[%clk 1:23:51]} 10. Rde1 {[%clk 1:19:42]} Nbd7 {[%clk 1:19:39]} 11. Ne5
{[%clk 1:10:55]} Nxe5 {[%clk 1:19:47]} 12. dxe5 {[%clk 1:11:21]} Nd7 {[%clk
1:19:50]} 13. Bxe7 {[%clk 1:11:46]} Qxe7 {[%clk 1:20:15]} 14. f4 {[%clk
1:11:07]} b4 {[%clk 1:19:52]} 15. Nb1 {[%clk 1:02:48]} Nc5 {[%clk 1:16:42]} 16.
h3 {[%clk 1:02:35]} Be6 {[%clk 1:15:01]} 17. Rhf1 {[%clk 1:00:42]} f5 {[%clk
0:57:21]} 18. exf6 {[%clk 0:55:40]} Qxf6 {[%clk 0:56:17]} 19. Qxb4 {[%clk
0:51:49]} Nxd3+ {[%clk 0:56:38]} 20. cxd3 {[%clk 0:52:16]} Bf5 {[%clk 0:56:17]}
21. Rf3 {[%clk 0:39:46]} h5 {[%clk 0:39:08]} 22. Rg1 {[%clk 0:32:35]} Rfe8
{[%clk 0:32:05]} 23. g4 {[%clk 0:14:14]} hxg4 {[%clk 0:31:06]} 24. hxg4 {[%clk
0:14:39]} Rab8 {[%clk 0:29:55]} 25. Qc3 {[%clk 0:13:54]} d4 {[%clk 0:29:40]}
26. Qd2 {[%clk 0:14:12]} Be6 {[%clk 0:29:59]} 27. b3 {[%clk 0:11:04]} Bd5
{[%clk 0:29:49]} 28. Rh3 {[%clk 0:11:19]} Re7 {[%clk 0:22:25]} 29. Qh2 {[%clk
0:09:00]} Kf8 {[%clk 0:16:25]} 30. g5 {[%clk 0:08:25]} Qf5 {[%clk 0:15:50]} 31.
g6 {[%clk 0:08:42]} Bg8 {[%clk 0:14:30]} 32. Rh8 {[%clk 0:05:44]} Ree8 {[%clk
0:10:01]} 33. Rxg8+ {[%clk 0:04:59]} Kxg8 {[%clk 0:10:30]} 34. Qh7+ {[%clk
0:05:22]} Kf8 {[%clk 0:10:54]} 35. Qh8+ {[%clk 0:05:47]} Ke7 {[%clk 0:11:15]}
36. Re1+ {[%clk 0:05:48]} Kd7 {[%clk 0:10:33]} 37. Qxg7+ {[%clk 0:06:11]} Kd6
{[%clk 0:09:55]} 38. Qxd4+ {[%clk 0:05:09]} Kc7 {[%clk 0:10:13]} 39. Rxe8
{[%clk 0:03:32]} Rxe8 {[%clk 0:09:54]} 40. Qxa7+ {[%clk 0:03:24]} Kc8 {[%clk
0:08:09]} 41. Qa8+ {[%clk 0:00:42]} Kd7 {[%clk 0:08:31]} 42. Qb7+ {[%clk
0:01:05]} Kd6 {[%clk 0:08:26]} 43. Nd2 {[%clk 0:25:59]} Qxf4 {[%clk 0:25:12]}
44. Kc2 {[%clk 0:23:32]} Qf2 {[%clk 0:23:59]} 45. Qb4+ {[%clk 0:22:58]} Kc7
{[%clk 0:22:42]} 46. g7 {[%clk 0:21:06]} Qf7 {[%clk 0:20:21]} 47. Qa5+ {[%clk
0:21:03]} Kb7 {[%clk 0:19:57]} 48. Ne4 {[%clk 0:18:48]} Rxe4 {[%clk 0:18:16]}
49. dxe4 {[%clk 0:19:11]} Qxg7 {[%clk 0:18:42]} 50. Qb4+ {[%clk 0:17:38]} Kc7
{[%clk 0:18:47]} 51. Qd2 {[%clk 0:14:36]} Qa1 {[%clk 0:18:42]} 52. a4 {[%clk
0:14:18]} Qa2+ {[%clk 0:18:41]} 53. Kc3 {[%clk 0:14:36]} Qa1+ {[%clk 0:19:09]}
54. Kc4 {[%clk 0:13:36]} Qe5 {[%clk 0:19:11]} 55. Qd4 {[%clk 0:13:39]} Qe6+
{[%clk 0:19:38]} 56. Kc3 {[%clk 0:13:54]} Qh3+ {[%clk 0:19:34]} 57. Kb4 {[%clk
0:14:17]} Qf1 {[%clk 0:19:35]} 58. e5 {[%clk 0:12:56]} Qe1+ {[%clk 0:19:56]}
59. Qc3 {[%clk 0:13:00]} Qe4+ {[%clk 0:19:13]} 60. Ka3 {[%clk 0:13:12]} Qd5
{[%clk 0:19:27]} 61. Qe3 {[%clk 0:13:11]} Kd7 {[%clk 0:18:59]} 62. Kb4 {[%clk
0:13:25]} Ke6 {[%clk 0:18:38]} 63. Qc5 {[%clk 0:13:03]} Qd2+ {[%clk 0:18:52]}
64. Qc3 {[%clk 0:13:19]} c5+ {[%clk 0:18:23]} 65. Kc4 {[%clk 0:13:33]} Qd5+
{[%clk 0:18:48]} 66. Kb5 {[%clk 0:13:56]} c4+ {[%clk 0:18:41]} 67. Kb4 {[%clk
0:14:17]} cxb3 {[%clk 0:19:02]} 68. a5 {[%clk 0:10:07]} Qxe5 {[%clk 0:18:02]}
69. Qxb3+ {[%clk 0:09:44]} Kd7 {[%clk 0:18:03]} 70. Qc4 {[%clk 0:09:53]} Qb8+
{[%clk 0:16:58]} 71. Ka4 {[%clk 0:10:12]} Qc7 {[%clk 0:17:19]} 72. Qg4+ {[%clk
0:09:50]} Kc6 {[%clk 0:16:55]} 73. Qe4+ {[%clk 0:10:06]} Kc5 {[%clk 0:15:00]}
74. Qb4+ {[%clk 0:10:07]} Kc6 {[%clk 0:14:10]} 75. Qb5+ {[%clk 0:10:06]} Kd6
{[%clk 0:14:38]} 76. a6 {[%clk 0:10:24]} Qc2+ {[%clk 0:14:50]} 77. Ka5 {[%clk
0:10:46]} Qc3+ {[%clk 0:15:03]} 78. Qb4+ {[%clk 0:10:59]} 1/2-1/2

[Event "Deutsche Ländermeisterschaft 2018"]
[Site "Würzburg GER"]
[Date "2018.10.03"]
[Round "2"]
[White "Musiolik, David"]
[Black "Bluhm, Sonja Maria"]
[Result "1/2-1/2"]
[Termination "normal"]
[Board "1.4"]
[BlackTitle "WFM"]
[WhiteElo "2057"]
[BlackElo "2281"]
[WhiteClock "00:22:20"]
[BlackClock "00:02:08"]
[WhiteTeam "Rheinland-Pfalz"]
[BlackTeam "Hessen"]
[PlyCount "130"]
[WhiteFideId "12972355"]
[BlackFideId "24654027"]
[EventCountry "GER"]
[EventRounds "7"]
[EventType "team-swiss"]
[EventDate "2018.10.02"]

1. e4 {[%clk 1:30:55]} c5 {[%clk 1:30:51]} 2. Nf3 {[%clk 1:31:21]} Nc6 {[%clk
1:31:17]} 3. d4 {[%clk 1:31:48]} cxd4 {[%clk 1:31:43]} 4. Nxd4 {[%clk 1:32:14]}
Nf6 {[%clk 1:32:07]} 5. Nc3 {[%clk 1:32:39]} e6 {[%clk 1:32:27]} 6. Ndb5 {[%clk
1:33:03]} Bc5 {[%clk 1:32:11]} 7. Bf4 {[%clk 1:33:23]} O-O {[%clk 1:30:52]} 8.
Bc7 {[%clk 1:33:48]} Qe7 {[%clk 1:30:25]} 9. Bd6 {[%clk 1:34:10]} Bxd6 {[%clk
1:30:50]} 10. Qxd6 {[%clk 1:34:33]} Qd8 {[%clk 1:29:51]} 11. O-O-O {[%clk
1:34:32]} a6 {[%clk 1:24:27]} 12. Nd4 {[%clk 1:30:40]} Nxd4 {[%clk 1:20:31]}
13. Qxd4 {[%clk 1:24:38]} b5 {[%clk 1:16:54]} 14. Be2 {[%clk 1:18:19]} Bb7
{[%clk 1:13:11]} 15. e5 {[%clk 1:12:48]} Nd5 {[%clk 1:13:24]} 16. Bf3 {[%clk
1:11:58]} Nxc3 {[%clk 1:07:01]} 17. Qxc3 {[%clk 1:04:08]} Rc8 {[%clk 1:06:52]}
18. Qd3 {[%clk 1:01:24]} Bxf3 {[%clk 1:06:18]} 19. gxf3 {[%clk 0:55:39]} Qc7
{[%clk 1:02:35]} 20. f4 {[%clk 0:53:15]} f6 {[%clk 1:00:05]} 21. Rd2 {[%clk
0:49:37]} Rcd8 {[%clk 0:49:05]} 22. Re1 {[%clk 0:47:44]} Qa5 {[%clk 0:42:12]}
23. a3 {[%clk 0:42:19]} fxe5 {[%clk 0:38:22]} 24. Rxe5 {[%clk 0:40:32]} Qc7
{[%clk 0:34:35]} 25. Qd4 {[%clk 0:36:54]} Rf6 {[%clk 0:32:51]} 26. f5 {[%clk
0:32:14]} Rxf5 {[%clk 0:25:19]} 27. Rxf5 {[%clk 0:26:41]} exf5 {[%clk 0:25:43]}
28. Qd5+ {[%clk 0:26:44]} Kh8 {[%clk 0:26:01]} 29. Qxf5 {[%clk 0:26:58]} Qxh2
{[%clk 0:25:16]} 30. f4 {[%clk 0:27:08]} Qh1+ {[%clk 0:22:15]} 31. Rd1 {[%clk
0:27:28]} Qc6 {[%clk 0:22:37]} 32. Rd5 {[%clk 0:22:43]} h6 {[%clk 0:21:03]} 33.
Kb1 {[%clk 0:21:18]} d6 {[%clk 0:16:44]} 34. Qd3 {[%clk 0:19:59]} Qc4 {[%clk
0:13:06]} 35. Qxc4 {[%clk 0:17:57]} bxc4 {[%clk 0:13:31]} 36. Kc1 {[%clk
0:17:58]} Kh7 {[%clk 0:11:22]} 37. Kd2 {[%clk 0:17:36]} Kg6 {[%clk 0:08:07]}
38. Kc3 {[%clk 0:16:32]} Kf6 {[%clk 0:06:58]} 39. Kxc4 {[%clk 0:16:18]} Ke6
{[%clk 0:07:22]} 40. Rd2 {[%clk 0:10:54]} Kf5 {[%clk 0:02:54]} 41. Rf2 {[%clk
0:09:29]} h5 {[%clk 0:23:24]} 42. Rg2 {[%clk 0:35:23]} Rd7 {[%clk 0:23:25]} 43.
Rg5+ {[%clk 0:34:15]} Kxf4 {[%clk 0:23:52]} 44. Rxh5 {[%clk 0:34:14]} Rc7+
{[%clk 0:22:53]} 45. Kd3 {[%clk 0:33:43]} g5 {[%clk 0:22:39]} 46. Rh6 {[%clk
0:32:57]} Rc6 {[%clk 0:22:42]} 47. c4 {[%clk 0:33:01]} g4 {[%clk 0:19:37]} 48.
b4 {[%clk 0:29:56]} g3 {[%clk 0:16:01]} 49. Kd4 {[%clk 0:28:30]} g2 {[%clk
0:14:13]} 50. Rg6 {[%clk 0:27:41]} Kf3 {[%clk 0:14:17]} 51. Rf6+ {[%clk
0:27:13]} Ke2 {[%clk 0:06:37]} 52. Re6+ {[%clk 0:26:21]} Kf2 {[%clk 0:07:01]}
53. Rf6+ {[%clk 0:26:47]} Kg1 {[%clk 0:06:11]} 54. b5 {[%clk 0:25:28]} axb5
{[%clk 0:06:20]} 55. cxb5 {[%clk 0:25:52]} Rc2 {[%clk 0:04:26]} 56. a4 {[%clk
0:21:22]} Ra2 {[%clk 0:03:59]} 57. Kd5 {[%clk 0:20:14]} Rxa4 {[%clk 0:03:33]}
58. Kxd6 {[%clk 0:20:23]} Kh2 {[%clk 0:01:46]} 59. Rg6 {[%clk 0:20:26]} g1=Q
{[%clk 0:00:51]} 60. Rxg1 {[%clk 0:20:46]} Kxg1 {[%clk 0:01:19]} 61. b6 {[%clk
0:20:56]} Rb4 {[%clk 0:01:24]} 62. Kc7 {[%clk 0:21:09]} Rc4+ {[%clk 0:01:45]}
63. Kd7 {[%clk 0:21:33]} Kf2 {[%clk 0:01:44]} 64. b7 {[%clk 0:21:55]} Rb4
{[%clk 0:02:08]} 65. Kc7 {[%clk 0:22:20]} Kf1 1/2-1/2

[Event "Deutsche Ländermeisterschaft 2018"]
[Site "Würzburg GER"]
[Date "2018.10.03"]
[Round "2"]
[White "Polster, Christian"]
[Black "Oberhofer, Cédric"]
[Result "0-1"]
[Termination "normal"]
[Board "2.2"]
[WhiteTitle "FM"]
[WhiteElo "2294"]
[BlackElo "2213"]
[WhiteClock "00:23:57"]
[BlackClock "00:15:48"]
[WhiteTeam "Niedersachsen"]
[BlackTeam "Bayern 1"]
[PlyCount "129"]
[WhiteFideId "12965081"]
[BlackFideId "12941220"]
[EventCountry "GER"]
[EventRounds "7"]
[EventType "team-swiss"]
[EventDate "2018.10.02"]

1. e4 {[%clk 1:30:58]} c5 {[%clk 1:30:53]} 2. Nf3 {[%clk 1:31:18]} d6 {[%clk
1:31:18]} 3. d4 {[%clk 1:31:35]} cxd4 {[%clk 1:31:43]} 4. Nxd4 {[%clk 1:32:00]}
Nf6 {[%clk 1:32:08]} 5. Nc3 {[%clk 1:32:12]} a6 {[%clk 1:32:34]} 6. g3 {[%clk
1:31:51]} g6 {[%clk 1:32:08]} 7. Bg2 {[%clk 1:32:09]} Bg7 {[%clk 1:32:31]} 8.
O-O {[%clk 1:31:27]} O-O {[%clk 1:30:00]} 9. a4 {[%clk 1:26:52]} Nc6 {[%clk
1:23:19]} 10. Nb3 {[%clk 1:24:07]} Bg4 {[%clk 1:14:09]} 11. Bf3 {[%clk
1:12:48]} Be6 {[%clk 1:11:48]} 12. Nd5 {[%clk 1:09:45]} Ne5 {[%clk 1:07:47]}
13. Bg2 {[%clk 1:03:20]} Rc8 {[%clk 0:57:14]} 14. Nd4 {[%clk 0:58:16]} Bg4
{[%clk 0:54:34]} 15. Nxf6+ {[%clk 0:54:48]} Bxf6 {[%clk 0:54:56]} 16. f3 {[%clk
0:54:06]} Bd7 {[%clk 0:54:06]} 17. c3 {[%clk 0:51:28]} Qc7 {[%clk 0:45:40]} 18.
Kh1 {[%clk 0:37:41]} Qc4 {[%clk 0:37:34]} 19. Ne2 {[%clk 0:28:57]} b5 {[%clk
0:29:07]} 20. b3 {[%clk 0:26:10]} Qc7 {[%clk 0:27:18]} 21. f4 {[%clk 0:21:06]}
Nc6 {[%clk 0:25:55]} 22. axb5 {[%clk 0:20:16]} axb5 {[%clk 0:26:18]} 23. Be3
{[%clk 0:19:38]} Bg4 {[%clk 0:17:41]} 24. Rc1 {[%clk 0:19:39]} Na5 {[%clk
0:16:43]} 25. b4 {[%clk 0:13:33]} Nc4 {[%clk 0:15:30]} 26. Bg1 {[%clk 0:13:18]}
Nb2 {[%clk 0:12:32]} 27. Qc2 {[%clk 0:11:28]} Na4 {[%clk 0:10:15]} 28. Nd4
{[%clk 0:07:03]} Qxc3 {[%clk 0:05:48]} 29. Qb1 {[%clk 0:04:52]} Qb2 {[%clk
0:05:59]} 30. Qxb2 {[%clk 0:02:43]} Nxb2 {[%clk 0:06:23]} 31. h3 {[%clk
0:02:37]} Bd7 {[%clk 0:06:22]} 32. Rb1 {[%clk 0:01:42]} Na4 {[%clk 0:04:31]}
33. Rfe1 {[%clk 0:01:23]} Rc3 {[%clk 0:02:12]} 34. e5 {[%clk 0:01:04]} dxe5
{[%clk 0:02:13]} 35. fxe5 {[%clk 0:01:28]} Bg7 {[%clk 0:02:30]} 36. e6 {[%clk
0:00:54]} fxe6 {[%clk 0:00:59]} 37. Nxe6 {[%clk 0:01:00]} Bxe6 {[%clk 0:01:15]}
38. Rxe6 {[%clk 0:01:25]} Bf6 {[%clk 0:00:56]} 39. Bd5 {[%clk 0:00:45]} Kg7
{[%clk 0:01:08]} 40. Bc6 {[%clk 0:00:38]} Rxg3 {[%clk 0:01:09]} 41. Kh2 {[%clk
0:00:38]} Rg5 {[%clk 0:27:15]} 42. Rbe1 {[%clk 0:29:49]} Rd8 {[%clk 0:25:08]}
43. Be3 {[%clk 0:28:39]} Rf5 {[%clk 0:25:23]} 44. Be4 {[%clk 0:28:07]} Re5
{[%clk 0:25:06]} 45. Rxe5 {[%clk 0:28:23]} Bxe5+ {[%clk 0:25:35]} 46. Kg2
{[%clk 0:28:38]} Bc3 {[%clk 0:22:45]} 47. Rf1 {[%clk 0:27:07]} Bxb4 {[%clk
0:20:40]} 48. Bc6 {[%clk 0:26:40]} Bd2 {[%clk 0:14:12]} 49. Rd1 {[%clk
0:24:10]} Rd6 {[%clk 0:14:33]} 50. Bxb5 {[%clk 0:23:28]} Nc3 {[%clk 0:14:27]}
51. Rxd2 {[%clk 0:23:18]} Rxd2+ {[%clk 0:14:44]} 52. Bxd2 {[%clk 0:23:40]} Nxb5
{[%clk 0:15:10]} 53. Kf3 {[%clk 0:23:14]} Kf6 {[%clk 0:14:42]} 54. Be3 {[%clk
0:23:11]} Kf5 {[%clk 0:15:04]} 55. Bc5 {[%clk 0:23:17]} e5 {[%clk 0:15:23]} 56.
Be7 {[%clk 0:23:29]} Nc3 {[%clk 0:15:36]} 57. Bd8 {[%clk 0:23:47]} Nd5 {[%clk
0:15:49]} 58. Ba5 {[%clk 0:24:02]} e4+ {[%clk 0:16:02]} 59. Kg3 {[%clk
0:24:24]} Nf4 {[%clk 0:15:10]} 60. Bb6 {[%clk 0:24:29]} g5 {[%clk 0:14:32]} 61.
Be3 {[%clk 0:23:59]} h5 {[%clk 0:14:52]} 62. Kh2 {[%clk 0:23:57]} g4 {[%clk
0:15:33]} 63. hxg4+ {[%clk 0:23:57]} Kxg4 {[%clk 0:15:33]} 64. Bf2 {[%clk
0:23:57]} Kf3 {[%clk 0:15:48]} 65. Be3 0-1

[Event "Deutsche Ländermeisterschaft 2018"]
[Site "Würzburg GER"]
[Date "2018.10.03"]
[Round "2"]
[White "Goldbeck, Lars"]
[Black "Knüdel, Torben"]
[Result "0-1"]
[Termination "normal"]
[Board "2.3"]
[WhiteElo "2184"]
[BlackElo "2135"]
[WhiteClock "00:15:05"]
[BlackClock "00:19:37"]
[WhiteTeam "Bayern 1"]
[BlackTeam "Niedersachsen"]
[PlyCount "120"]
[WhiteFideId "16208188"]
[BlackFideId "16208820"]
[EventCountry "GER"]
[EventRounds "7"]
[EventType "team-swiss"]
[EventDate "2018.10.02"]

1. d4 {[%clk 1:30:57]} Nf6 {[%clk 1:30:53]} 2. Bf4 {[%clk 1:31:19]} d5 {[%clk
1:31:02]} 3. e3 {[%clk 1:31:45]} c5 {[%clk 1:31:26]} 4. c3 {[%clk 1:32:13]} Nc6
{[%clk 1:31:51]} 5. Nd2 {[%clk 1:32:19]} Bf5 {[%clk 1:26:44]} 6. Ngf3 {[%clk
1:28:33]} e6 {[%clk 1:24:31]} 7. Be2 {[%clk 1:17:26]} h6 {[%clk 1:23:19]} 8.
Ne5 {[%clk 1:08:18]} Nxe5 {[%clk 1:16:49]} 9. Bxe5 {[%clk 1:04:48]} a6 {[%clk
1:11:18]} 10. Bxf6 {[%clk 1:04:32]} gxf6 {[%clk 1:11:01]} 11. Nf1 {[%clk
0:53:46]} Bd6 {[%clk 1:02:53]} 12. Ng3 {[%clk 0:53:40]} Bg6 {[%clk 1:03:16]}
13. f4 {[%clk 0:41:41]} cxd4 {[%clk 0:54:48]} 14. cxd4 {[%clk 0:41:59]} Qa5+
{[%clk 0:54:25]} 15. Kf2 {[%clk 0:41:41]} Rc8 {[%clk 0:51:02]} 16. Qb3 {[%clk
0:31:55]} b5 {[%clk 0:47:49]} 17. Rhc1 {[%clk 0:31:21]} O-O {[%clk 0:44:06]}
18. Qd1 {[%clk 0:28:27]} Qb4 {[%clk 0:36:42]} 19. Qb3 {[%clk 0:24:43]} Qd2
{[%clk 0:34:31]} 20. Rd1 {[%clk 0:23:14]} Qc2 {[%clk 0:33:17]} 21. Nf1 {[%clk
0:21:17]} Rc6 {[%clk 0:26:27]} 22. Qxc2 {[%clk 0:18:40]} Rxc2 {[%clk 0:26:47]}
23. Rd2 {[%clk 0:18:39]} Rfc8 {[%clk 0:26:03]} 24. Bd1 {[%clk 0:14:59]} R2c7
{[%clk 0:21:34]} 25. a3 {[%clk 0:14:13]} a5 {[%clk 0:21:43]} 26. Ng3 {[%clk
0:11:10]} b4 {[%clk 0:17:15]} 27. Ne2 {[%clk 0:07:09]} Be4 {[%clk 0:16:34]} 28.
Ng3 {[%clk 0:05:47]} bxa3 {[%clk 0:12:48]} 29. Nxe4 {[%clk 0:05:48]} dxe4
{[%clk 0:12:54]} 30. bxa3 {[%clk 0:06:05]} Rc3 {[%clk 0:13:14]} 31. a4 {[%clk
0:05:20]} Bxf4 {[%clk 0:12:37]} 32. Re2 {[%clk 0:05:42]} Bd6 {[%clk 0:09:19]}
33. g3 {[%clk 0:05:14]} Kf8 {[%clk 0:08:37]} 34. Raa2 {[%clk 0:04:53]} Ke7
{[%clk 0:06:45]} 35. Rec2 {[%clk 0:02:20]} Bb4 {[%clk 0:06:27]} 36. Rxc3 Rxc3
{[%clk 0:06:10]} 37. Rc2 {[%clk 0:02:00]} Ra3 {[%clk 0:03:07]} 38. Rc7+ {[%clk
0:00:59]} Kd6 {[%clk 0:02:54]} 39. Rc2 {[%clk 0:00:52]} Rxa4 {[%clk 0:01:50]}
40. Rc6+ {[%clk 0:01:21]} Kxc6 {[%clk 0:02:08]} 41. Bxa4+ {[%clk 0:01:50]} Kd6
{[%clk 0:29:21]} 42. g4 {[%clk 0:29:54]} Bd2 {[%clk 0:28:10]} 43. Ke2 {[%clk
0:29:32]} Bc1 {[%clk 0:28:31]} 44. Bb3 {[%clk 0:28:05]} Ke7 {[%clk 0:25:06]}
45. d5 {[%clk 0:25:46]} Kd6 {[%clk 0:23:57]} 46. dxe6 {[%clk 0:26:03]} fxe6
{[%clk 0:24:24]} 47. h3 {[%clk 0:25:17]} e5 {[%clk 0:24:18]} 48. Bc2 {[%clk
0:24:49]} Kd5 {[%clk 0:24:23]} 49. Bb3+ {[%clk 0:25:02]} Kc5 {[%clk 0:24:30]}
50. Bc2 {[%clk 0:21:45]} Kb4 {[%clk 0:24:10]} 51. Bxe4 {[%clk 0:22:12]} a4
{[%clk 0:23:44]} 52. Kd1 {[%clk 0:22:07]} Bxe3 {[%clk 0:23:59]} 53. Kc2 {[%clk
0:22:24]} Kc4 {[%clk 0:21:01]} 54. Bg6 {[%clk 0:19:33]} Bc5 {[%clk 0:20:54]}
55. Bf7+ {[%clk 0:16:04]} Kd4 {[%clk 0:19:49]} 56. Kd2 {[%clk 0:14:21]} a3
{[%clk 0:19:12]} 57. Be6 {[%clk 0:14:09]} Bb4+ {[%clk 0:19:06]} 58. Kc2 {[%clk
0:14:32]} Ke3 {[%clk 0:19:09]} 59. Kd1 {[%clk 0:14:46]} Kf2 {[%clk 0:19:25]}
60. Bd5 {[%clk 0:15:05]} e4 {[%clk 0:19:37]} 0-1

[Event "Deutsche Ländermeisterschaft 2018"]
[Site "Würzburg GER"]
[Date "2018.10.03"]
[Round "2"]
[White "Sieber, Fiona"]
[Black "Parvanyan, Ashot"]
[Result "1-0"]
[Termination "normal"]
[Board "3.1"]
[WhiteTitle "WIM"]
[BlackTitle "FM"]
[WhiteElo "2277"]
[BlackElo "2428"]
[WhiteClock "00:05:30"]
[BlackClock "00:01:40"]
[WhiteTeam "Sachsen-Anhalt"]
[BlackTeam "Schleswig-Holstein"]
[PlyCount "123"]
[WhiteFideId "12902373"]
[BlackFideId "13307550"]
[EventCountry "GER"]
[EventRounds "7"]
[EventType "team-swiss"]
[EventDate "2018.10.02"]

1. e4 {[%clk 1:30:58]} e6 {[%clk 1:30:34]} 2. d4 {[%clk 1:31:22]} d5 {[%clk
1:30:30]} 3. Nd2 {[%clk 1:31:45]} c5 {[%clk 1:25:19]} 4. Ngf3 {[%clk 1:30:58]}
Nc6 {[%clk 1:23:42]} 5. exd5 {[%clk 1:19:14]} exd5 {[%clk 1:23:14]} 6. Bd3
{[%clk 1:18:24]} c4 {[%clk 1:19:57]} 7. Be2 {[%clk 1:18:43]} Bd6 {[%clk
1:19:28]} 8. b3 {[%clk 1:13:16]} b5 {[%clk 1:14:23]} 9. c3 {[%clk 1:10:13]} Rb8
{[%clk 1:11:47]} 10. O-O {[%clk 1:08:12]} Nge7 {[%clk 1:09:30]} 11. a4 {[%clk
1:02:30]} a6 {[%clk 1:09:11]} 12. Ba3 {[%clk 1:02:09]} O-O {[%clk 1:06:25]} 13.
Bxd6 {[%clk 0:58:38]} Qxd6 {[%clk 1:06:48]} 14. Re1 {[%clk 0:57:40]} Ng6 {[%clk
1:04:25]} 15. Bf1 {[%clk 0:53:36]} Bf5 {[%clk 1:02:11]} 16. g3 {[%clk 0:47:42]}
h6 {[%clk 0:49:27]} 17. axb5 {[%clk 0:45:59]} axb5 {[%clk 0:49:40]} 18. Ra6
{[%clk 0:45:51]} Qc7 {[%clk 0:43:39]} 19. Qa1 {[%clk 0:36:47]} Rfd8 {[%clk
0:32:29]} 20. b4 {[%clk 0:26:05]} Re8 {[%clk 0:25:13]} 21. Rxe8+ {[%clk
0:21:47]} Rxe8 {[%clk 0:25:19]} 22. Bg2 {[%clk 0:21:33]} Nge7 {[%clk 0:18:34]}
23. Nf1 {[%clk 0:16:44]} Nc8 {[%clk 0:10:14]} 24. Nh4 {[%clk 0:10:41]} Be4
{[%clk 0:08:14]} 25. Bxe4 {[%clk 0:06:50]} Rxe4 {[%clk 0:08:23]} 26. Ne3 {[%clk
0:06:56]} Nb6 {[%clk 0:06:14]} 27. Rxb6 {[%clk 0:05:42]} Qxb6 {[%clk 0:05:10]}
28. Qa8+ {[%clk 0:06:11]} Nd8 {[%clk 0:04:57]} 29. Nxd5 {[%clk 0:03:13]} Re1+
{[%clk 0:00:45]} 30. Kg2 {[%clk 0:03:42]} Qc6 {[%clk 0:00:38]} 31. Qxd8+ {[%clk
0:02:09]} Re8 {[%clk 0:01:04]} 32. Nf3 {[%clk 0:00:59]} Kf8 {[%clk 0:00:37]}
33. Ne7 {[%clk 0:00:55]} Qxf3+ {[%clk 0:00:41]} 34. Kxf3 {[%clk 0:01:23]} Rxd8
{[%clk 0:01:06]} 35. Nc6 {[%clk 0:01:46]} Rd6 {[%clk 0:01:06]} 36. Na7 {[%clk
0:01:37]} Rb6 {[%clk 0:00:50]} 37. Ke4 {[%clk 0:01:32]} Rb7 {[%clk 0:00:45]}
38. Nc6 {[%clk 0:01:55]} Ke8 {[%clk 0:00:53]} 39. Kd5 {[%clk 0:01:54]} Kd7
{[%clk 0:00:34]} 40. Kc5 {[%clk 0:01:57]} f6 {[%clk 0:00:34]} 41. d5 {[%clk
0:00:34]} h5 {[%clk 0:27:56]} 42. f4 {[%clk 0:21:55]} g6 {[%clk 0:26:48]} 43.
h4 {[%clk 0:19:45]} Ke8 {[%clk 0:15:56]} 44. Nd4 {[%clk 0:18:43]} Re7 {[%clk
0:15:59]} 45. d6 {[%clk 0:16:39]} Re4 {[%clk 0:14:28]} 46. Kd5 {[%clk 0:14:04]}
f5 {[%clk 0:14:22]} 47. Nxb5 {[%clk 0:11:12]} Kd7 {[%clk 0:14:17]} 48. Na3
{[%clk 0:10:42]} Re3 {[%clk 0:14:16]} 49. Nxc4 {[%clk 0:10:33]} Rd3+ {[%clk
0:14:41]} 50. Kc5 {[%clk 0:08:57]} Rxc3 {[%clk 0:14:59]} 51. b5 {[%clk
0:09:17]} Rxg3 {[%clk 0:10:07]} 52. Ne5+ {[%clk 0:09:09]} Ke6 {[%clk 0:05:46]}
53. d7 {[%clk 0:07:55]} Ke7 {[%clk 0:06:06]} 54. b6 {[%clk 0:07:22]} Rc3+
{[%clk 0:03:50]} 55. Kd5 {[%clk 0:05:20]} Rb3 {[%clk 0:03:54]} 56. Kc6 {[%clk
0:05:10]} Rc3+ {[%clk 0:04:15]} 57. Kb5 {[%clk 0:03:42]} Rb3+ {[%clk 0:04:14]}
58. Ka6 {[%clk 0:04:07]} Ra3+ {[%clk 0:04:15]} 59. Kb7 {[%clk 0:04:35]} Rc3
{[%clk 0:03:42]} 60. Ka7 {[%clk 0:04:44]} Ra3+ {[%clk 0:02:45]} 61. Kb8 {[%clk
0:05:13]} Ra2 {[%clk 0:01:40]} 62. Kc7 {[%clk 0:05:30]} 1-0